[Event "Porto San Giorgio op 15th"]
[Site "Porto San Giorgo"]
[Date "2003.08.27"]
[Round "7"]
[White "Cristiani, Cesare"]
[Black "Sebastianelli, Dario"]
[Result "1/2-1/2"]
[WhiteElo "2137"]
[BlackElo "2239"]
[PlyCount "90"]
[EventDate "2003.08.21"]
[EventType "swiss"]
[EventRounds "9"]
[EventCountry "ITA"]
[SourceTitle "CBM 095 Extra"]
[Source "ChessBase"]
[SourceDate "2003.09.04"]
[SourceVersion "1"]
[SourceVersionDate "2003.09.04"]
[SourceQuality "1"]

1. d4 g6 2. c4 Bg7 3. e4 d6 4. Nc3 Nd7 5. Nf3 e5 6. Be2 Ne7 7. 0-0 0-0 8. Be3 h6 9. dxe5 dxe5 10. Qd2 Kh7 11. Rad1 f5 12. exf5 gxf5 13. Qc2 Ng6 14. g3 c6 15. h4 Qe8 16. h5 Ne7 17. Nh4 b6 18. Rd6 Rf6 19. Rfd1 Rxd6 20. Rxd6 Nf6 21. g4 e4 22. g5 hxg5 23. Bxg5 Neg8 24. Qd2 Be6 25. Qf4 Bf8 26. Rd1 Qb8 27. Ng6 Qxf4 28. Nxf8+ Rxf8 29. Bxf4 Bf7 30. Rd6 Be8 31. Rd8 Rf7 32. Rd6 Re7 33. Kf1 Bd7 34. b4 Re6 35. a4 Rxd6 36. Bxd6 Be8 37. b5 cxb5 38. cxb5 Nd7 39. Nd5 Bf7 40. Nb4 Bb3 41. Nc6 Bxa4 42. Nxa7 Ngf6 43. Nc8 Nd5 44. Bc4 Nc3 45. Na7 Kh6 1/2-1/2

[Event "Porto San Giorgio op 15th"]
[Site "Porto San Giorgo"]
[Date "2003.08.26"]
[Round "6"]
[White "Sebastianelli, Dario"]
[Black "Naumkin, Igor"]
[Result "0-1"]
[WhiteElo "2239"]
[BlackElo "2406"]
[PlyCount "88"]
[EventDate "2003.08.21"]
[EventType "swiss"]
[EventRounds "9"]
[EventCountry "ITA"]
[SourceTitle "CBM 095 Extra"]
[Source "ChessBase"]
[SourceDate "2003.09.04"]
[SourceVersion "1"]
[SourceVersionDate "2003.09.04"]
[SourceQuality "1"]

1. e4 e5 2. Bc4 Nf6 3. d4 exd4 4. Nf3 Nxe4 5. Qxd4 Nf6 6. Bg5 Be7 7. Nc3 0-0 8. 0-0-0 c6 9. Rhe1 d5 10. Qh4 h6 11. Bxd5 cxd5 12. Nxd5 hxg5 13. Nxg5 Qxd5 14. Rxd5 Nc6 15. g4 Bxg4 16. f4 Rfd8 17. Rxd8+ Rxd8 18. Qf2 Bf8 19. Nf3 Bf5 20. a3 Rc8 21. Nh4 Be4 22. c3 b6 23. Qg3 Nd4 24. Rxe4 Nxe4 25. Qg2 Nd6 26. Kb1 Nb3 27. Qd5 Na5 28. Ka2 Nac4 29. b3 Ne3 30. Qd3 Ng4 31. Nf5 Nf2 32. Qa6 Nfe4 33. Nxd6 Nxd6 34. Qxa7 Rxc3 35. Qxb6 Rc2+ 36. Kb1 Rxh2 37. Qc6 Re2 38. a4 Ne4 39. a5 Bb4 40. Qc8+ Kh7 41. Qh3+ Kg6 42. Qg4+ Kf6 43. Qh4+ Ke6 44. Qg4+ Kd6 0-1

[Event "Porto San Giorgio op 14th"]
[Site "Porto San Giorgio"]
[Date "2002.08.25"]
[Round "6"]
[White "Sebastianelli, Dario"]
[Black "Popchev, Milko"]
[Result "0-1"]
[WhiteElo "2221"]
[BlackElo "2419"]
[PlyCount "82"]
[EventDate "2002.08.20"]
[EventType "swiss"]
[EventRounds "9"]
[EventCountry "ITA"]
[SourceTitle "CBM 089 Extra"]
[Source "ChessBase"]
[SourceDate "2002.09.10"]
[SourceVersion "2"]
[SourceVersionDate "2002.09.10"]
[SourceQuality "1"]

1. e4 b6 2. d4 Bb7 3. Nc3 e6 4. Bd3 Nf6 5. Nf3 Bb4 6. Bg5 h6 7. Bxf6 Qxf6 8. e5 Qf4 9. Qd2 Qxd2+ 10. Kxd2 0-0 11. Ke2 Be7 12. Ne4 d5 13. Ned2 c5 14. c3 Nc6 15. Bb5 a5 16. Bxc6 Bxc6 17. h4 Bb5+ 18. Ke3 f5 19. Kf4 g6 20. Rh3 Rf7 21. Rah1 Rg7 22. Ke3 Kf7 23. g3 g5 24. Ne1 gxh4 25. gxh4 Rag8 26. Nd3 Bxd3 27. Kxd3 Rg4 28. Nf1 b5 29. Ne3 c4+ 30. Kd2 Rg1 31. Ke2 b4 32. h5 a4 33. cxb4 Bxb4 34. Nd1 Rxh1 35. Rxh1 Rg4 36. a3 Ba5 37. Nc3 Rxd4 38. Nxa4 Re4+ 39. Kd1 Rxe5 40. Nc3 d4 41. Nb1 Rb5 0-1

[Event "Porto San Giorgio op 14th"]
[Site "Porto San Giorgio"]
[Date "2002.08.24"]
[Round "5"]
[White "Todorov, Ognjan"]
[Black "Sebastianelli, Dario"]
[Result "0-1"]
[WhiteElo "2376"]
[BlackElo "2221"]
[PlyCount "118"]
[EventDate "2002.08.20"]
[EventType "swiss"]
[EventRounds "9"]
[EventCountry "ITA"]
[SourceTitle "CBM 089 Extra"]
[Source "ChessBase"]
[SourceDate "2002.09.10"]
[SourceVersion "2"]
[SourceVersionDate "2002.09.10"]
[SourceQuality "1"]

1. d4 f5 2. g3 c5 3. d5 Nf6 4. Bg2 g6 5. c4 d6 6. Nc3 Bg7 7. Nh3 Na6 8. Rb1 0-0 9. 0-0 Nc7 10. b3 a6 11. Bb2 b5 12. Nf4 Rb8 13. Ba1 Ng4 14. e3 Bd7 15. Qe2 Qe8 16. h3 Ne5 17. Nd3 Nxd3 18. Qxd3 Qf7 19. Rfc1 Rb6 20. Nd1 Rfb8 21. Bxg7 Qxg7 22. cxb5 Bxb5 23. Qd2 Be8 24. Nb2 Bb5 25. e4 fxe4 26. Bxe4 Ne8 27. Bg2 Nf6 28. Rc3 R6b7 29. Re1 Kf8 30. Rce3 Qf7 31. Re6 Qg7 32. Qf4 Kg8 33. Nd1 Rf8 34. Qe3 Rf7 35. Nc3 Be8 36. Bf1 a5 37. Bc4 Kf8 38. Qd3 Nd7 39. R6e3 g5 40. Qe2 Ne5 41. Qd1 Qf6 42. Rf1 Bd7 43. Qh5 Bf5 44. Be2 Rb4 45. f4 gxf4 46. gxf4 Rg7+ 47. Kh2 Ng6 48. Bc4 Nh4 49. Rf2 Rg6 50. Qe2 Kf7 51. Qd2 Rb8 52. Rfe2 Rbg8 53. Qe1 Kf8 54. Qf1 Qd4 55. Nb5 Qg7 56. Rxe7 Qxe7 57. Rxe7 Kxe7 58. Nc3 Kd8 59. Be2 Rg3 0-1

[Event "Porto San Giorgio op 14th"]
[Site "Porto San Giorgio"]
[Date "2002.08.22"]
[Round "3"]
[White "Lazarev, Vladimir"]
[Black "Sebastianelli, Dario"]
[Result "1-0"]
[WhiteElo "2458"]
[BlackElo "2221"]
[PlyCount "77"]
[EventDate "2002.08.20"]
[EventType "swiss"]
[EventRounds "9"]
[EventCountry "ITA"]
[SourceTitle "CBM 089 Extra"]
[Source "ChessBase"]
[SourceDate "2002.09.10"]
[SourceVersion "2"]
[SourceVersionDate "2002.09.10"]
[SourceQuality "1"]

1. d4 c5 2. d5 f5 3. c4 Nf6 4. Nc3 d6 5. g3 g6 6. Bg2 Bg7 7. Nh3 Na6 8. 0-0 0-0 9. Nf4 Nc7 10. a4 Rb8 11. Rb1 Ng4 12. Qc2 b6 13. b4 cxb4 14. Rxb4 Bd7 15. Nb5 a5 16. Rb1 Nxb5 17. cxb5 Rc8 18. Qd1 Rc4 19. Ne6 Bxe6 20. dxe6 Qc7 21. Bc6 Ne5 22. Bd5 Rd4 23. Qb3 Rb4 24. Qa2 Rxb1 25. Qxb1 Rc8 26. Be3 Qb8 27. h3 Nc4 28. Bc1 Qc7 29. e4 fxe4 30. Qxe4 Ne5 31. Be3 Qc3 32. Bxb6 Nc4 33. Bxc4 Rxc4 34. Qa8+ Rc8 35. Qxa5 Qf3 36. Qd2 Qf5 37. Rc1 Rf8 38. Bd4 Qd5 39. Rd1 1-0

[Event "Porto San Giorgio op 12th"]
[Site "Porto San Giorgio"]
[Date "2000.08.21"]
[Round "2"]
[White "Sebastianelli, Dario"]
[Black "Managadze, Nikoloz"]
[Result "0-1"]
[WhiteElo "2218"]
[BlackElo "2456"]
[PlyCount "72"]
[EventDate "2000.08.20"]
[EventType "swiss"]
[EventRounds "9"]
[EventCountry "ITA"]
[SourceTitle "EXT 2001"]
[Source "ChessBase"]
[SourceDate "2000.11.22"]
[SourceVersion "1"]
[SourceVersionDate "2000.11.22"]
[SourceQuality "1"]

1. c4 c5 2. Nc3 e6 3. e4 Nc6 4. g3 g6 5. Bg2 Bg7 6. Nge2 Nge7 7. 0-0 0-0 8. d3 d6 9. f4 Rb8 10. Rb1 a6 11. a3 b5 12. cxb5 axb5 13. b4 cxb4 14. axb4 Qb6+ 15. Kh1 Bd7 16. Qd2 Rfc8 17. Rd1 e5 18. Nd5 Nxd5 19. exd5 Ne7 20. Qa2 Bg4 21. Rf1 Nf5 22. fxe5 dxe5 23. Ng1 Rc3 24. Rb3 Rc7 25. Ra3 Rbc8 26. Ra8 Qd6 27. Rxc8+ Rxc8 28. Qa5 Qd7 29. Qa2 h6 30. Qf2 Nd4 31. Be3 Rc2 32. Bxd4 Rxf2 33. Bxf2 Bf5 34. Ra1 Bxd3 35. Ra8+ Kh7 36. Ra7 Qf5 0-1

[Event "Porto San Giorgio op 11th"]
[Site "Porto San Giorgio"]
[Date "1999.08.20"]
[Round "1"]
[White "Grischuk, Alexander"]
[Black "Sebastianelli, Dario"]
[Result "1-0"]
[WhiteElo "2549"]
[BlackElo "2174"]
[PlyCount "87"]
[EventDate "1999.08.20"]
[EventType "swiss"]
[EventRounds "9"]
[EventCountry "ITA"]
[SourceTitle "EXT 2000"]
[Source "ChessBase"]
[SourceDate "1999.11.16"]
[SourceVersion "1"]
[SourceVersionDate "1999.11.16"]
[SourceQuality "1"]

1. e4 d5 2. exd5 Nf6 3. Nf3 Qxd5 4. Nc3 Qa5 5. d4 c6 6. Bc4 Bf5 7. Bd2 e6 8. 0-0 Bb4 9. a3 Bxc3 10. Bxc3 Qc7 11. Bd3 Bg4 12. h3 Bh5 13. Re1 Nbd7 14. b3 Nd5 15. Bd2 0-0-0 16. c4 Nf4 17. Bf1 g5 18. g3 Rhg8 19. gxf4 gxf4+ 20. Kh2 Rg6 21. Bg2 Rdg8 22. Bh1 Nf6 23. Re5 Ng4+ 24. hxg4 Bxg4 25. Bxf4 f6 26. Qd2 Bxf3 27. Bxf3 fxe5 28. Bxe5 Qf7 29. Qe3 Rf8 30. Be4 Qxf2+ 31. Qxf2 Rxf2+ 32. Kh3 Rg5 33. Re1 h6 34. Bg3 Rb2 35. Re3 Rd2 36. Rd3 Rxd3 37. Bxd3 a5 38. Be2 Kd7 39. Bf2 Rg8 40. Bg4 b5 41. d5 cxd5 42. cxd5 Re8 43. b4 a4 44. dxe6+ 1-0

[Event "Porto San Giorgio op 10th"]
[Site "Porto San Giorgio"]
[Date "1998.??.??"]
[Round "9"]
[White "Mrdja, Milan"]
[Black "Sebastianelli, Dario"]
[Result "1-0"]
[WhiteElo "2380"]
[BlackElo "2180"]
[PlyCount "67"]
[EventDate "1998.08.??"]
[EventType "swiss"]
[EventRounds "9"]
[EventCountry "ITA"]
[SourceTitle "EXT 2000"]
[Source "ChessBase"]
[SourceDate "1999.11.16"]
[SourceVersion "1"]
[SourceVersionDate "1999.11.16"]
[SourceQuality "1"]

1. e4 d5 2. exd5 Qxd5 3. Nc3 Qa5 4. Bc4 Nf6 5. d3 c6 6. Bd2 Qc7 7. Qe2 Bf5 8. Nf3 Nbd7 9. h3 h5 10. 0-0-0 e6 11. Nd4 Qe5 12. Qxe5 Nxe5 13. Nxf5 Nxc4 14. Nxg7+ Bxg7 15. dxc4 0-0-0 16. Be3 Bh6 17. Rxd8+ Kxd8 18. Bxh6 Rxh6 19. g3 Kc7 20. Re1 Nd7 21. Ne4 f6 22. b3 Rg6 23. h4 Rg8 24. Rd1 Rg7 25. Kd2 Rg6 26. Ke2 b6 27. Nd2 Nc5 28. Nf1 Ne4 29. Rd3 Nc5 30. Re3 Kd6 31. b4 Nd7 32. Ra3 Ne5 33. Rxa7 Nxc4 34. Ne3 1-0